Catàleg del Col·legi de Periodistes de Catalunya

Cuadernos de periodistas (Registre núm. 6733)

000 -CABECERA
Longitud fija campo de control 00814nas a2200241 a 4500
003 - IDENTIFICADOR DEL NÚMERO DE CONTROL
Identificador del número de control CDMR
005 - FECHA Y HORA DE LA ÚLTIMA TRANSACCIÓN
Fecha y hora de la última transacción 20160622171022.0
008 - CÓDIGOS DE INFORMACIÓN DE LONGITUD FIJA
Códigos de información de longitud fija 140109c20049999sp qr | r|||||0|| b0spa|d
017 ## - NÚMERO DE COPYRIGHT O DE DEPÓSITO LEGAL
Número de copyright o de depósito legal DL M. 33814-2004
022 ## - NÚMERO INTERNACIONAL NORMALIZADO PARA PUBLICACIONES SERIADAS
Número Internacional Normalizado para Publicaciones Seriadas 1889-2922
040 ## - FUENTE DE LA CATALOGACIÓN
Lengua de catalogación cat
Centro transcriptor CDMR
245 00 - MENCIÓN DE TÍTULO
Título Cuadernos de periodistas
Resto del título : revista de la Asociación de la Prensa de Madrid
260 ## - PUBLICACIÓN, DISTRIBUCIÓN, ETC. (PIE DE IMPRENTA)
Lugar de publicación, distribución, etc. Madrid
Nombre del editor, distribuidor, etc. Asociación de la Prensa de Madrid
Fecha de publicación, distribución, etc. 2004-
300 ## - DESCRIPCIÓN FÍSICA
Dimensiones 21 cm
310 ## - PERIODICIDAD ACTUAL
Periodicidad actual Trimestral
362 0# - FECHAS DE PUBLICACIÓN Y/O DESIGNACIÓN SECUENCIAL
Fecha de publicación y/o designación secuencial No. 0 (jul. 2004)-
650 04 - PUNTO DE ACCESO ADICIONAL DE MATERIA - TÉRMINO DE MATERIA
Término de materia o nombre geográfico como elemento inicial Periodisme
9 (RLIN) 3173
Subdivisión geográfica Espanya
Subdivisión de forma Revistes
650 04 - PUNTO DE ACCESO ADICIONAL DE MATERIA - TÉRMINO DE MATERIA
Término de materia o nombre geográfico como elemento inicial Premsa
9 (RLIN) 2742
Subdivisión geográfica Espanya
Subdivisión de forma Revistes
710 2# - PUNTO DE ACCESO ADICIONAL - NOMBRE DE ENTIDAD
Nombre de entidad o nombre de jurisdicción como elemento inicial Asociación de la Prensa de Madrid
9 (RLIN) 87
856 41 - LOCALIZACIÓN Y ACCESO ELECTRÓNICO
Nota pública Accés lliure
Identificador Uniforme del Recurso (URI) <a href="http://www.cuadernosdeperiodistas.com/">http://www.cuadernosdeperiodistas.com/</a>
856 42 - LOCALIZACI&Oacute;N Y ACCESO ELECTR&Oacute;NICO
Especificación de materiales Sumari
Identificador Uniforme del Recurso (URI) <a href="http://dialnet.unirioja.es/servlet/revista?codigo=14814">http://dialnet.unirioja.es/servlet/revista?codigo=14814</a>
942 ## - ENTRADA DE ELEMENTOS AGREGADOS (KOHA)
Koha [por defecto] tipo de item Publicacions periòdiques
Fuente de clasificaión o esquema
Fons
Suprimido Perdido Estropeado No para pr&eacute;stamo Localizaci&oacute;n permanente Localizaci&oacute;n actual Fecha adquisici&oacute;n Fuente de adquisici&oacute;n Coste, precio normal de compra Serie de enumeración &#47; cronología Fecha &uacute;ltima consulta Coste, precio reemplazado Fecha del precio de reemplazo Tipo de item de Koha
        Centre de Documentació Montserrat Roig Centre de Documentació Montserrat Roig 2014-04-21 Intercanvi 6.00 No. 0 (jul. 2004)- 2014-04-21 6.00 2014-04-21 Publicacions periòdiques

Implantat amb Koha